Sports Quiz

Random Sports Quiz

Forever Young Quiz Stats

 Plays Quiz not verified by Sporcle

Challenge
Share
Tweet
Embed
Score 0/15 Timer 03:00
0 Plays Today
Information Player % Correct
I threw 6 touchdown passes in Super Bowl 29Steve Young
75.8%
My Major League Baseball Wins Record will never be broken.Cy Young
72.7%
I was the 3rd pick in the 2006 NFL DraftVince Young
51.5%
I was the 1st overall pick in the 2003 MLB DraftDelmon Young
30.3%
I averaged 19.2 points per game for the 2008-2009 Pittsburgh Panthers Men's Basketball team.Sam Young
27.3%
I am the first rookie in MLB history to hit 30 Home Runs and Steal 25 bases.Chris Young
24.2%
I was the 12th pick in the 2007 NBA DraftThaddeus Young
21.2%
I am a 4-time Pro Bowl Defensive TackleBryant Young
21.2%
Information Player % Correct
I had 465 career Stolen Bases in MLB.Eric Young
21.2%
I was the 2007 National League Comeback Player of the YearDmitri Young
18.2%
I finished my career at Texas University with 3,060 all purpose yardsSelvin Young
15.2%
I am famous for my 'interception that wasn't.'Fredd Young
3%
I was NCAA Basketball's leading scorer in 1999.Alvin Young
3%
I am the current pitching coach for the Boston Red Sox.Curt Young
3%
'The Bronze Bullet'- At 5'4, I am one the shortest players to ever play in the NFL.Buddy Young
3%

You're not logged in!

Compare scores with friends on all Sporcle quizzes.
OR
Log In

You Might Also Like...

Show Comments

Extras

Created Apr 25, 2011ReportNominate
Tags:forever, last, player, provided, young

Top Quizzes Today


Score Distribution

Your Account Isn't Verified!

In order to create a playlist on Sporcle, you need to verify the email address you used during registration. Go to your Sporcle Settings to finish the process.

Report this User

Report this user for behavior that violates our Community Guidelines.

Details: